000 01256cam a2200373 a 4500
001 902986
003 ARRUPE
005 20150113114359.0
008 910122r19831962nbu 000 0 eng
010 _a 82024772 //r863
020 _a0803279108 (pbk.)
035 _a(OCoLC)9154295
035 _a(OCoLC)ocm09154295
035 _a(CStRLIN)NYCG91-B4760
035 _a(NNC)902986
040 _dCStRLIN
_cdes
041 1 _aenggerhun
050 1 _aPN3441
_b.L813 1983
082 0 _a809.3/81
_219
090 _aPN3441
_b.L813 1983
100 1 _aLukács, György,
_d1885-1971.
_913753
240 1 0 _aTörténelmi regény.
_lEnglish
245 1 4 _aThe historical novel /
_cGeorg Lukács ; translated from the German by Hannah and Stanley Mitchell ; introduction by Fredric Jameson.
260 _aLondon :
_bMerlin Press,
_c1962.
300 _a363 p. ;
_c21 cm.
500 _aTranslation of: A történelmi regény.
500 _aReprint. Originally published: Boston : Beacon Press, 1963, c1962.
500 _a"Bison book"--Verso t.p.
500 _aIncludes index.
650 0 _aHistorical fiction
_xHistory and criticism.
_913754
650 0 _aHistorical drama
_xHistory and criticism.
_913755
942 _2lcc
_cMONOGRAPH
999 _c121600
_d121600